• 首页
  • 本馆介绍
  • 公告通知
  • 最新文献
  • 馆藏检索
  • 电子资源
  • 读者导购
  • 参考咨询
  • 我的图书馆
  • 登录
  • 详细信息显示
  • 放入我的书架
  • 预约/预借图书
  • 作者相关作品
  • 分类相关作品
  • 丛书相关作品
  • 出版社相关作品

书目信息

  • 表格格式
  • 工作单格式
  • 卡片格式
题名:
饲料工业标准汇编
    
 
作者: ;中国标准出版社 编
分册: 上册  
出版信息: 北京   中国标准出版社  2017.01
页数: 635页
开本: 30cm
丛书名:
单 册:
中图分类: S816.1-65 , S816.1
科图分类:
主题词: 饲料工业--标准--中国--汇编
电子资源:
ISBN: 978-7-5066-8506-1
000 00874nam0 2200241 450
001 4670
005 20181015085846.98
010    @a978-7-5066-8506-1@dCNY210.00
100    @a20170524d2017 em y0chiy50 ea
101 0  @achi
102    @aCN@b110000
105    @aa l 000yy
200 1  @a饲料工业标准汇编@9si liao gong ye biao zhun hui bian@h上册@f中国标准出版社编
205    @a5版
210    @a北京@c中国标准出版社@d2017.01
215    @a635页@c图@d30cm
330    @a本书共收录饲料工业标准110项,其中国家标准53项,国家标准化指导性技术文件4项,行业标准53项,其内容包括:综合标准、饲料产品标准、饲料原料标准、饲料有效性与安全性评价标准四部分。
606 0  @a饲料工业@x标准@y中国@j汇编
690    @aS816.1-65@v5
690    @aS816.1@v4
711 02 @a中国标准出版社@9zhong guo biao zhun chu ban she@4编
801  0 @aCN@b91MARC@c20170524
905    @aMuseLib@dS816.1@e172:1=5
    
    饲料工业标准汇编.上册/中国标准出版社编.-5版.-北京:中国标准出版社,2017.01
    635页:图;30cm
    
    
    ISBN 978-7-5066-8506-1:CNY210.00
    本书共收录饲料工业标准110项,其中国家标准53项,国家标准化指导性技术文件4项,行业标准53项,其内容包括:综合标准、饲料产品标准、饲料原料标准、饲料有效性与安全性评价标准四部分。
●
相关链接 在E读中查询图书 在五车中查询图书 在当当中查询图书 在豆瓣中查询图书


正题名:饲料工业标准汇编     索取号:S816.1/172:1=5         预约/预借

序号 登录号 条形码 馆藏地/架位号 状态 备注
1 1126175   211261757   第二样本阅览室/ [索取号:S816.1/172:1=5] 在馆    
2 1126176   211261766   第三借阅区/ [索取号:S816.1/172:1=5] 在馆    
唐山师范学院图书馆 欢迎您!
大连网信软件有限公司© 版权所有